[Event "30th 4NCL Congress"]
[Site "Daventry"]
[Date "2023.06.17"]
[Round "2"]
[Board "28"]
[White "Obi, Okwose Marc"]
[Black "Clarke, James"]
[Result "0-1"]
[WhiteElo "1964"]
[BlackElo "2071"]
[PlyCount "62"]
[EventDate "2023.06.16"]
[EventRounds "5"]
[EventCountry "ENG"]

1. e4 c5 2. c4 Nc6 3. Nc3 Nf6 4. g3 e6 5. Bg2 d5 6. cxd5 exd5 7. exd5 Nb4 8. d3 Nfxd5
9. Nxd5 Nxd5 10. Qa4+ Bd7 11. Qe4+ Be6 12. Ne2 Be7 13. Nf4 Nxf4 14. Bxf4 O-O 15.
O-O Bf6 16. Qxb7 Qxd3 17. Rad1 Qf5 18. b3 Bd4 19. Rfe1 g5 20. Be3 Bxe3 21. Rxe3 Rad8
22. Rc1 Rd2 23. Rf3 Qe5 24. Qxa7 Rfd8 25. h3 Rd1+ 26. Rxd1 Rxd1+ 27. Kh2 Qe1 28.
Qb8+ Kg7 29. g4 Bd5 30. Kg3 Bxf3 31. Bxf3 Rd2  0-1

[Event "30th 4NCL Congress"]
[Site "Daventry"]
[Date "2023.06.17"]
[Round "2"]
[Board "29"]
[White "Alldritt, Nigel RE"]
[Black "Sheikh, Anum"]
[Result "1-0"]
[WhiteElo "2069"]
[BlackElo "1954"]
[PlyCount "105"]
[EventDate "2023.06.16"]
[EventRounds "5"]
[EventCountry "ENG"]

1. d4 d5 2. c4 c6 3. Nf3 Nf6 4. e3 a6 5. Nc3 b5 6. cxd5 cxd5 7. Be2 Bf5 8. O-O e6
9. Nh4 Bg6 10. Nxg6 hxg6 11. g3 Be7 12. Bd2 Nbd7 13. Bf3 Nb6 14. Qe2 b4 15. Nd1 Nc4
16. b3 Nxd2 17. Qxd2 Rc8 18. Nb2 O-O 19. Rfc1 Qd6 20. Nd3 Nd7 21. h4 a5 22. Kg2 Bf6
23. Nf4 Nb6 24. Nd3 Nd7 25. Rc2 g5 26. hxg5 Bxg5 27. Rac1 Rxc2 28. Rxc2 Rd8 29. Qc1
Qe7 30. Rc7 Qe8 31. Qc6 Nb8 32. Qxe8+ Rxe8 33. Ne5 Be7 34. Ra7 f6 35. Bh5 Rc8 36.
Rxe7 fxe5 37. dxe5 Nc6 38. Rxe6 d4 39. exd4 Nxd4 40. Ra6 Rc5 41. Bg6 Kf8 42. Rd6
Nc6 43. f4 Ke7 44. Be4 Nd8 45. Rd5 Ne6 46. Rxc5 Nxc5 47. Kf3 Ke6 48. Ke3 Nd7 49.
Kd4 g5 50. f5+ Ke7 51. g4 Kf8 52. Bc6 Nb8 53. Kc5  1-0

[Event "30th 4NCL Congress"]
[Site "Daventry"]
[Date "2023.06.17"]
[Round "2"]
[Board "30"]
[White "Gazis, George"]
[Black "Ackley, Peter JE"]
[Result "1/2-1/2"]
[WhiteElo "1938"]
[BlackElo "2065"]
[PlyCount "44"]
[EventDate "2023.06.16"]
[EventRounds "5"]
[EventCountry "ENG"]

1. e4 g6 2. d4 Bg7 3. Nc3 c6 4. Be3 d5 5. f3 dxe4 6. fxe4 Nf6 7. Nf3 Qa5 8. Qd2 Bg4
9. Ne5 Be6 10. Be2 Nbd7 11. Nc4 Qd8 12. O-O b5 13. d5 cxd5 14. exd5 Nxd5 15. Nxd5
bxc4 16. Bxc4 O-O 17. Bg5 Nf6 18. Bxf6 exf6 19. Rad1 Bxd5 20. Bxd5 Qb6+ 21. Qf2 Rad8
22. Qxb6 axb6  1/2-1/2

[Event "30th 4NCL Congress"]
[Site "Daventry"]
[Date "2023.06.17"]
[Round "2"]
[Board "31"]
[White "Fowler, Hugo"]
[Black "Burton, Sean"]
[Result "1-0"]
[WhiteElo "2056"]
[BlackElo "1927"]
[PlyCount "41"]
[EventDate "2023.06.16"]
[EventRounds "5"]
[EventCountry "ENG"]

1. e4 c5 2. c3 Nf6 3. e5 Nd5 4. d4 cxd4 5. cxd4 Nc6 6. Nc3 Nxc3 7. bxc3 d6 8. f4
dxe5 9. fxe5 e6 10. Nf3 Be7 11. Bd3 Bd7 12. O-O Rc8 13. Qe1 Na5 14. Qg3 g6 15. Ng5
O-O 16. Ne4 Nc4 17. Nf6+ Kh8 18. Bh6 Bxf6 19. Rxf6 Rg8 20. Rxf7 Be8 21. Bg5  1-0

[Event "30th 4NCL Congress"]
[Site "Daventry"]
[Date "2023.06.17"]
[Round "2"]
[Board "32"]
[White "De Coverly, Roger D"]
[Black "Estevez Fernandez, Josue"]
[Result "0-1"]
[WhiteElo "2034"]
[BlackElo "1926"]
[PlyCount "60"]
[EventDate "2023.06.16"]
[EventRounds "5"]
[EventCountry "ENG"]

1. Nf3 d5 2. g3 Nf6 3. Bg2 e6 4. O-O Be7 5. d4 O-O 6. c4 Nbd7 7. Nbd2 b6 8. Qc2 Bb7
9. Ne5 c5 10. Nxd7 Qxd7 11. Nf3 cxd4 12. Nxd4 Rac8 13. b3 b5 14. Nf3 bxc4 15. bxc4
Rxc4 16. Qd3 Qa4 17. Qb3 Ba6 18. Re1 Bd6 19. e3 Rb8 20. Qd1 Qxd1 21. Rxd1 Ra4 22.
Bf1 Bxf1 23. Kxf1 Ne4 24. Rd3 Rc4 25. Nd2 Be5 26. Nxc4 dxc4 27. Rd4 Bxd4 28. exd4
c3 29. Ke2 c2 30. Kd3 Rb1  0-1

[Event "30th 4NCL Congress"]
[Site "Daventry"]
[Date "2023.06.17"]
[Round "3"]
[Board "1"]
[White "Hebden, Mark L"]
[Black "Valdepenas Octavio, Javier"]
[Result "0-1"]
[WhiteElo "2516"]
[BlackElo "2218"]
[PlyCount "136"]
[EventDate "2023.06.16"]
[EventRounds "5"]
[EventCountry "ENG"]

1. d4 Nf6 2. Bg5 d5 3. e3 c6 4. Nd2 Bg4 5. f3 Bf5 6. Ne2 Qb6 7. e4 dxe4 8. Nc4 Qc7
9. Ng3 Bg6 10. Bxf6 exf6 11. fxe4 Nd7 12. Qf3 c5 13. d5 Bd6 14. Nxd6+ Qxd6 15. Bb5
O-O 16. Bxd7 Qxd7 17. O-O-O Rfe8 18. d6 Rad8 19. Rd5 Qe6 20. Rhd1 Rd7 21. Rxc5 Rxd6
22. Rcd5 Rxd5 23. exd5 Qc8 24. Qc3 Qxc3 25. bxc3 Kf8 26. c4 Re5 27. c5 Ke7 28. Rd4
h5 29. Kd2 h4 30. Nf1 Re4 31. Rxe4+ Bxe4 32. Ne3 f5 33. g3 h3 34. Kc3 f6 35. Kd4
g6 36. c4 Bb1 37. a3 g5 38. Nd1 Be4 39. Nc3 Bg2 40. Ke3 Bf1 41. d6+ Ke6 42. Nb5 Bxc4
43. Nd4+ Kd7 44. Nxf5 Be6 45. Nd4 b6 46. cxb6 axb6 47. Ne2 Kxd6 48. Kd4 Bg4 49. Nc3
Bf3 50. Na4 Kc6 51. Nc3 Kd6 52. Na4 Kc6 53. Nc3 Bg2 54. Nd1 Kb5 55. Nc3+ Kc6 56.
Nd1 Kb5 57. Nc3+ Ka5 58. Ke3 f5 59. Kf2 Ka6 60. Ke3 Bc6 61. Kf2 b5 62. Ke3 Kb6 63.
Kd4 f4 64. g4 Bf3 65. Ke5 Bxg4 66. Ne4 Ka5 67. Kf6 Bf3 68. Nxg5 Bg2  0-1

[Event "30th 4NCL Congress"]
[Site "Daventry"]
[Date "2023.06.17"]
[Round "3"]
[Board "2"]
[White "Merriman, James"]
[Black "Davies, Nigel R"]
[Result "1/2-1/2"]
[WhiteElo "2164"]
[BlackElo "2424"]
[PlyCount "109"]
[EventDate "2023.06.16"]
[EventRounds "5"]
[EventCountry "ENG"]

1. d4 d5 2. c4 e6 3. Nc3 h6 4. Nf3 Nf6 5. Bf4 Bd6 6. Bxd6 Qxd6 7. e3 O-O 8. Bd3 dxc4
9. Bxc4 c5 10. O-O Nc6 11. Nb5 Qe7 12. dxc5 Qxc5 13. Rc1 Rd8 14. Qe2 Qb6 15. Rfd1
Rxd1+ 16. Rxd1 Bd7 17. Nd6 Ne7 18. Ne5 Be8 19. Nxe8 Rxe8 20. Nd7 Nxd7 21. Rxd7 Nc6
22. Qh5 Re7 23. Rxe7 Nxe7 24. Qb5 Qxb5 25. Bxb5 Nf5 26. Kf1 Nd6 27. Bd3 e5 28. f3
f6 29. Ke2 Kf7 30. Kd2 Ke6 31. Kc3 Kd5 32. e4+ Kc6 33. a4 b6 34. b4 g6 35. Bc4 Kd7
36. Bb5+ Ke7 37. Bc6 f5 38. Kd3 Kf6 39. a5 h5 40. g3 g5 41. exf5 Kxf5 42. Bd7+ Kf6
43. Ke3 bxa5 44. bxa5 Nc4+ 45. Ke4 Nxa5 46. Be8 h4 47. gxh4 gxh4 48. f4 Nc4 49. fxe5+
Nxe5 50. Kf4 a5 51. Bb5 Ke6 52. h3 Kf6 53. Ba4 Ng6+ 54. Kg4 Ke5 55. Kh5  1/2-1/2

[Event "30th 4NCL Congress"]
[Site "Daventry"]
[Date "2023.06.17"]
[Round "3"]
[Board "3"]
[White "Finn, Peter"]
[Black "Raju, Sooraj Menothuparambil"]
[Result "1-0"]
[WhiteElo "2310"]
[BlackElo "2209"]
[PlyCount "117"]
[EventDate "2023.06.16"]
[EventRounds "5"]
[EventCountry "ENG"]

1. d4 b6 2. e4 Bb7 3. Nc3 e6 4. Nf3 Bb4 5. Bd3 Nf6 6. Qe2 d5 7. e5 Ne4 8. Bd2 Nxd2
9. Qxd2 a6 10. a3 Be7 11. Ne2 c5 12. c3 Nc6 13. h4 Na5 14. Qf4 h6 15. Qg4 Bf8 16.
h5 c4 17. Bc2 Qd7 18. Nd2 O-O-O 19. f4 f5 20. Qh3 Kb8 21. g4 fxg4 22. Qxg4 Bc8 23.
Nf1 Be7 24. Ne3 Rhf8 25. Rg1 Nb3 26. Bxb3 cxb3 27. Qxg7 Rg8 28. Qxg8 Rxg8 29. Rxg8
Bh4+ 30. Kd2 Qf7 31. Rag1 Bf2 32. R1g6 Qe7 33. Ng4 Qh4 34. Nxf2 Qxf2 35. Rxh6 Qf1
36. Rg1 Qh3 37. Rh8 Qf5 38. Rc1 Kb7 39. h6 Bd7 40. Rg1 Kc6 41. Rg7 Qc2+ 42. Ke3 Qe4+
43. Kf2 Kb5 44. h7 Kc4 45. Rg3 Qh1 46. Ng1 Qh4 47. Kg2 Qh6 48. Nf3 Qh5 49. a4 Kd3
50. Rhg8 Qxh7 51. Ng5+ Kc2 52. Nxh7 Kxb2 53. Kh3 b5 54. axb5 Bxb5 55. Rg2+ Kxc3 56.
R8g3+ Kb4 57. Rb2 Bc4 58. f5 exf5 59. e6  1-0

[Event "30th 4NCL Congress"]
[Site "Daventry"]
[Date "2023.06.17"]
[Round "3"]
[Board "4"]
[White "Boswell, Jacob Connor"]
[Black "Payne, Matthew J"]
[Result "1-0"]
[WhiteElo "2272"]
[BlackElo "2169"]
[PlyCount "101"]
[EventDate "2023.06.16"]
[EventRounds "5"]
[EventCountry "ENG"]

1. d4 Nf6 2. c4 g6 3. Nf3 Bg7 4. g3 O-O 5. Bg2 d6 6. O-O c5 7. dxc5 dxc5 8. Ne5 Qd4
9. Nd3 Qxc4 10. Na3 Qa6 11. Nxc5 Qb6 12. Be3 Rd8 13. Qa4 Ng4 14. Nxb7 Nxe3 15. Nxd8
Bd7 16. Qb3 Qxb3 17. axb3 Nxg2 18. Nc4 Nc6 19. Nxc6 Bxc6 20. Rfd1 h5 21. f3 Nh4 22.
gxh4 Bf6 23. Ra6 Bb5 24. Raa1 Rb8 25. Rxa7 Bxc4 26. bxc4 Rxb2 27. Kf1 Rc2 28. Rc7
Bxh4 29. c5 Bg5 30. c6 Bf4 31. Rc8+ Kg7 32. h3 Kf6 33. Rd4 Bd6 34. Rd3 Kg5 35. Rd4
f5 36. h4+ Kf6 37. Ke1 Ke5 38. Ra4 Kd5 39. Ra6 Rc4 40. Kd2 Rxh4 41. Kd3 Ke6 42. Rg8
Kf7 43. Rd8 Rh1 44. Ra4 Ke6 45. Rc4 Be5 46. Kc2 Rh2 47. Kd2 Bc7 48. Rd7 Ba5+ 49.
Kd3 Rh1 50. Ra7 Bb6 51. c7  1-0

[Event "30th 4NCL Congress"]
[Site "Daventry"]
[Date "2023.06.17"]
[Round "3"]
[Board "5"]
[White "Baer, Bruce L"]
[Black "Verma, Aditya"]
[Result "1/2-1/2"]
[WhiteElo "2119"]
[BlackElo "2241"]
[PlyCount "73"]
[EventDate "2023.06.16"]
[EventRounds "5"]
[EventCountry "ENG"]

1. Nf3 d5 2. g3 Nf6 3. Bg2 Bf5 4. d3 c6 5. O-O e6 6. Nbd2 h6 7. b3 Be7 8. Bb2 O-O
9. Qe1 a5 10. e4 Bh7 11. a3 Na6 12. Ne5 Nc5 13. f4 Qb6 14. Kh1 Rad8 15. Qe2 a4 16.
b4 Na6 17. c4 Nc7 18. Rad1 Qa6 19. g4 dxe4 20. dxe4 Nd7 21. g5 f6 22. Nxd7 Rxd7 23.
gxh6 Rfd8 24. Qg4 Ne8 25. Qxe6+ Kh8 26. Bc3 c5 27. hxg7+ Nxg7 28. Qg4 cxb4 29. axb4
Rd3 30. b5 Qb6 31. Nb1 a3 32. Ba1 Rxd1 33. Rxd1 Rxd1+ 34. Qxd1 Qf2 35. Nc3 Ne6 36.
Qe2 Qxf4 37. Qf1  1/2-1/2

[Event "30th 4NCL Congress"]
[Site "Daventry"]
[Date "2023.06.17"]
[Round "3"]
[Board "6"]
[White "Lawton, Geoff W"]
[Black "Verma, Shlok"]
[Result "1-0"]
[WhiteElo "2369"]
[BlackElo "2101"]
[PlyCount "99"]
[EventDate "2023.06.16"]
[EventRounds "5"]
[EventCountry "ENG"]

1. Nf3 d5 2. e3 Nf6 3. c4 dxc4 4. Bxc4 e6 5. b3 Be7 6. Bb2 a6 7. O-O b5 8. Be2 O-O
9. a4 b4 10. d3 Bb7 11. Qc2 Nbd7 12. Nbd2 c5 13. Nc4 a5 14. Rac1 Rc8 15. Rfd1 Qc7
16. Qb1 Rfd8 17. e4 Bc6 18. Rf1 Ra8 19. Rc2 Nf8 20. Nfe5 Bb7 21. Qc1 N6d7 22. Qe3
Bf6 23. Nxd7 Nxd7 24. Bxf6 Nxf6 25. Rfc1 Rac8 26. Qg3 Ba6 27. Qxc7 Rxc7 28. Nb2 Rdc8
29. f4 Kf8 30. Kf2 Ke7 31. Ke3 Nd7 32. g3 Nb6 33. Kf2 Kd8 34. d4 Bxe2 35. Kxe2 cxd4
36. Rxc7 Rxc7 37. Rxc7 Kxc7 38. Kd3 Kd6 39. Kxd4 f5 40. Nd1 g6 41. Ne3 h6 42. h3
fxe4 43. Kxe4 h5 44. Kd4 Kc6 45. Nc4 Nxc4 46. Kxc4 Kb6 47. Kd4 Kc6 48. Ke5 Kc5 49.
g4 h4 50. g5  1-0

[Event "30th 4NCL Congress"]
[Site "Daventry"]
[Date "2023.06.17"]
[Round "3"]
[Board "7"]
[White "Chan, Sheng Liang Bernard"]
[Black "Bartram, Dominic"]
[Result "1/2-1/2"]
[WhiteElo "2197"]
[BlackElo "2072"]
[PlyCount "161"]
[EventDate "2023.06.16"]
[EventRounds "5"]
[EventCountry "ENG"]

1. d4 f5 2. Nc3 e6 3. e4 Bb4 4. Bd3 fxe4 5. Bxe4 Nf6 6. Bd3 Qe7 7. Nf3 O-O 8. O-O
Bxc3 9. bxc3 b6 10. Bf4 Nc6 11. Bg3 Bb7 12. Qe2 Rae8 13. Rae1 d6 14. Ng5 Nd8 15.
Bh4 Qd7 16. Bb5 Bc6 17. Bd3 Bb7 18. Qe3 e5 19. Qh3 Qxh3 20. Nxh3 e4 21. Bc4+ d5 22.
Be2 Ne6 23. f3 h6 24. Bxf6 gxf6 25. fxe4 dxe4 26. Bc4 Kg7 27. Bxe6 Rxe6 28. Nf4 Ree8
29. Re3 f5 30. Rg3+ Kh7 31. Kf2 Rg8 32. Rxg8 Rxg8 33. Ke3 Rg4 34. g3 Ba6 35. Rd1
Rg7 36. Nh5 Rf7 37. a3 Bc4 38. d5 Kg6 39. Nf4+ Kf6 40. Rd4 b5 41. d6 c5 42. Rd2 Rd7
43. g4 Bf7 44. h4 Ke5 45. gxf5 Kxf5 46. Ne2 Ke5 47. Ng3 Bg6 48. h5 Bh7 49. Rf2 Rg7
50. Ne2 a5 51. Rf8 Kxd6 52. Rf6+ Kd5 53. Rxh6 Kc4 54. Kd2 a4 55. Ke3 Rf7 56. Re6
Rf3+ 57. Kd2 Rh3 58. Re5 b4 59. cxb4 cxb4 60. axb4 a3 61. Nc1 Kxb4 62. Re7 Rxh5 63.
Na2+ Kc4 64. Rc7+ Kd4 65. c3+ Kd5 66. Nb4+ Kd6 67. Ra7 Rh2+ 68. Ke3 Rh3+ 69. Kd4
e3 70. Ra6+ Kd7 71. Rxa3 e2 72. Ra1 Rh4+ 73. Ke3 Re4+ 74. Kd2 Bf5 75. Nd5 e1=Q+ 76.
Rxe1 Rxe1 77. Kxe1 Kd6 78. Nf4 Kc5 79. Kd2 Bh7 80. Ng2 Bg8 81. Ne3  1/2-1/2

[Event "30th 4NCL Congress"]
[Site "Daventry"]
[Date "2023.06.17"]
[Round "3"]
[Board "8"]
[White "Jackson, Edward"]
[Black "Larchikov, Maksym"]
[Result "1/2-1/2"]
[WhiteElo "2168"]
[BlackElo "2065"]
[PlyCount "83"]
[EventDate "2023.06.16"]
[EventRounds "5"]
[EventCountry "ENG"]

1. e4 c5 2. c3 Nf6 3. e5 Nd5 4. d4 cxd4 5. Nf3 Nc6 6. Bc4 Nb6 7. Bb3 d5 8. exd6 Qxd6
9. O-O Be6 10. Nxd4 Nxd4 11. cxd4 Bxb3 12. Qxb3 e6 13. Nc3 Be7 14. d5 exd5 15. Be3
Nc4 16. Qxb7 Rb8 17. Qxd5 Nxe3 18. fxe3 O-O 19. Qxd6 Bxd6 20. b3 Rfe8 21. Rad1 Bc5
22. Nd5 Re4 23. Rc1 Bd6 24. Rfd1 Re6 25. Rc4 h5 26. Rd2 Rd8 27. Rcd4 Rc8 28. Nf4
Bxf4 29. exf4 Rc1+ 30. Kf2 Rf6 31. g3 h4 32. Rc4 Rh1 33. Kg2 Re1 34. g4 Re7 35. Rd8+
Kh7 36. f5 g6 37. Rcc8 Kh6 38. Rc2 gxf5 39. Rh8+ Kg5 40. gxf5 Rxf5 41. Rg8+ Kh5 42.
Rh8+  1/2-1/2

[Event "30th 4NCL Congress"]
[Site "Daventry"]
[Date "2023.06.17"]
[Round "3"]
[Board "9"]
[White "Fellowes, Billy"]
[Black "Zakarian, Dimitrios Levon"]
[Result "0-1"]
[WhiteElo "1986"]
[BlackElo "2127"]
[PlyCount "86"]
[EventDate "2023.06.16"]
[EventRounds "5"]
[EventCountry "ENG"]

1. d4 Nf6 2. c4 e6 3. Nc3 Bb4 4. e3 O-O 5. Bd2 b6 6. Nf3 Bb7 7. Bd3 Bxc3 8. bxc3
Ne4 9. O-O d6 10. Ne1 Nd7 11. f3 Nxd2 12. Qxd2 f5 13. a4 a5 14. g3 e5 15. Qc2 Qf6
16. Ng2 Rae8 17. d5 Nc5 18. e4 fxe4 19. fxe4 Qg5 20. Qe2 Rxf1+ 21. Rxf1 Nxa4 22.
Qf3 Qe7 23. Ne3 Bc8 24. g4 Nc5 25. Bb1 Rf8 26. Nf5 Bxf5 27. gxf5 Qf6 28. Qh5 Qf7
29. Qh4 Nd7 30. Kh1 Nf6 31. Rg1 Qh5 32. Qg3 Rf7 33. Bd3 Qh6 34. c5 bxc5 35. Qf2 Qh3
36. Rg3 Qh5 37. Rg1 Rf8 38. Ba6 Qh3 39. Qe2 Nh5 40. Bb5 Nf4 41. Qd1 Qe3 42. Re1 Qxc3
43. Rg1 Qb4  0-1

[Event "30th 4NCL Congress"]
[Site "Daventry"]
[Date "2023.06.17"]
[Round "3"]
[Board "10"]
[White "Merriman, John"]
[Black "Vijayakumar, Rishi"]
[Result "1-0"]
[WhiteElo "2356"]
[BlackElo "1998"]
[PlyCount "71"]
[EventDate "2023.06.16"]
[EventRounds "5"]
[EventCountry "ENG"]

1. d4 Nf6 2. c4 e6 3. Nc3 Bb4 4. e3 O-O 5. Nge2 d5 6. a3 Be7 7. Nf4 c6 8. cxd5 exd5
9. Bd3 Re8 10. O-O Nbd7 11. f3 Nf8 12. Bd2 Bd6 13. Nfe2 Ng6 14. Rc1 Be6 15. Be1 Rc8
16. Bf2 c5 17. Nb5 b6 18. Nxd6 Qxd6 19. Qd2 Qd7 20. Ba6 Rcd8 21. dxc5 bxc5 22. Rxc5
Qd6 23. Qa5 Ne5 24. Nd4 Ned7 25. Rc6 Qe5 26. Rc7 Qg5 27. Nxe6 Rxe6 28. Rxa7 Rf8 29.
h4 Qg6 30. Bb5 Ne5 31. Be1 Nh5 32. Ra8 f5 33. Rxf8+ Kxf8 34. Bb4+ Kf7 35. Qc7+ Kf6
36. Qd8+  1-0

[Event "30th 4NCL Congress"]
[Site "Daventry"]
[Date "2023.06.17"]
[Round "3"]
[Board "11"]
[White "Fowler, Hugo"]
[Black "Khoury, Theo"]
[Result "1/2-1/2"]
[WhiteElo "2056"]
[BlackElo "2270"]
[PlyCount "87"]
[EventDate "2023.06.16"]
[EventRounds "5"]
[EventCountry "ENG"]

1. e4 c5 2. c3 Nf6 3. e5 Nd5 4. d4 cxd4 5. cxd4 d6 6. Nf3 Nc6 7. Bc4 Nb6 8. Bb3 dxe5
9. Nxe5 Nxe5 10. dxe5 Qxd1+ 11. Bxd1 Bf5 12. O-O e6 13. Be3 Bd3 14. Re1 Bb4 15. Nc3
O-O 16. a3 Bxc3 17. bxc3 Nc4 18. Bd4 b5 19. Bf3 Rac8 20. Bxa7 Nd2 21. Bd4 Nxf3+ 22.
gxf3 Ra8 23. Rad1 Bc4 24. Bc5 Rfd8 25. Kg2 Rd5 26. Rxd5 Bxd5 27. Rb1 Bc4 28. f4 h6
29. Kf3 Rd8 30. Bd6 f5 31. Ke3 Rc8 32. Rb4 Bf1 33. Kd2 Ra8 34. Rd4 Bc4 35. h4 Kf7
36. Ke3 Rc8 37. Bb4 Bd5 38. Rd2 Rc4 39. Rd4 Rc6 40. Kd2 Ra6 41. Bd6 Ra8 42. Ke3 Rc8
43. Kd2 Ra8 44. Bb4  1/2-1/2

[Event "30th 4NCL Congress"]
[Site "Daventry"]
[Date "2023.06.17"]
[Round "3"]
[Board "12"]
[White "Southcott-Moyers, Indy"]
[Black "Gazis, George"]
[Result "1-0"]
[WhiteElo "2237"]
[BlackElo "1938"]
[PlyCount "65"]
[EventDate "2023.06.16"]
[EventRounds "5"]
[EventCountry "ENG"]

1. d4 d5 2. Nf3 e6 3. c4 h6 4. Nc3 Nf6 5. Bf4 Bd6 6. Bg3 O-O 7. e3 Nc6 8. Ne5 Bxe5
9. dxe5 Ne4 10. Nxe4 dxe4 11. Qc2 b6 12. Qxe4 Bb7 13. Bd3 g6 14. Rd1 Na5 15. Qf4
Qg5 16. Qxg5 hxg5 17. f3 c5 18. h4 g4 19. Kf2 gxf3 20. gxf3 Kg7 21. h5 Rh8 22. hxg6
Rxh1 23. Rxh1 fxg6 24. Bh4 Kf7 25. Bf6 Rg8 26. Rh7+ Kf8 27. a3 Ba6 28. Rxa7 Bxc4
29. Be4 Bb5 30. b4 cxb4 31. axb4 Nc4 32. Bd3 g5 33. Bh7  1-0

[Event "30th 4NCL Congress"]
[Site "Daventry"]
[Date "2023.06.17"]
[Round "3"]
[Board "13"]
[White "Dignam, Matthew P"]
[Black "Arora, Tashika"]
[Result "1-0"]
[WhiteElo "2204"]
[BlackElo "2016"]
[PlyCount "79"]
[EventDate "2023.06.16"]
[EventRounds "5"]
[EventCountry "ENG"]

1. e4 e5 2. Nf3 Nc6 3. Bb5 a6 4. Ba4 Nf6 5. d3 Bc5 6. c3 b5 7. Bc2 O-O 8. Bg5 h6
9. Bh4 d6 10. O-O Bg4 11. h3 Bh5 12. g4 Bg6 13. d4 Bb6 14. dxe5 dxe5 15. Qxd8 Raxd8
16. Bxf6 gxf6 17. Nbd2 Kh8 18. Rfe1 b4 19. Nc4 bxc3 20. bxc3 Bc5 21. Ne3 Na7 22.
a4 Nc8 23. Re2 c6 24. Nc4 Rg8 25. Rd2 Rxd2 26. Nfxd2 h5 27. Kg2 Ne7 28. Kf3 Rd8 29.
Nb3 Ba7 30. Rd1 hxg4+ 31. hxg4 Ra8 32. Rd7 Ng8 33. a5 Kg7 34. Nb6 Bxb6 35. axb6 Kf8
36. Ra7 Rb8 37. Nc5 Ke8 38. b7 Kd8 39. Nxa6 Rxb7 40. Rxb7  1-0

[Event "30th 4NCL Congress"]
[Site "Daventry"]
[Date "2023.06.17"]
[Round "3"]
[Board "14"]
[White "Subramanian, Anusha"]
[Black "Cave, Iwan"]
[Result "0-1"]
[WhiteElo "2034"]
[BlackElo "2142"]
[PlyCount "158"]
[EventDate "2023.06.16"]
[EventRounds "5"]
[EventCountry "ENG"]

1. Nf3 d5 2. c4 c6 3. b3 Nf6 4. g3 Bf5 5. Bg2 Nbd7 6. Bb2 e6 7. O-O Qb6 8. cxd5 cxd5
9. Nc3 Be7 10. d3 O-O 11. e4 Bg4 12. Na4 Qc7 13. Rc1 Qb8 14. Qe1 b5 15. Bxf6 Bxf6
16. Nc5 Nxc5 17. Rxc5 Qb6 18. Qc1 dxe4 19. dxe4 Bxf3 20. Bxf3 Bd4 21. Rc6 Qa5 22.
Qc2 Rad8 23. Rc1 g6 24. Qe2 Bb6 25. R1c2 Qb4 26. h4 Kg7 27. e5 Rd4 28. Bg2 Rfd8 29.
R6c3 h5 30. Qf3 Qe7 31. Bf1 R4d5 32. Qf4 Rd4 33. Qf3 R8d5 34. Re2 Qd8 35. Kg2 Rg4
36. Kh2 b4 37. Rc4 Rd3 38. Qg2 Rdd4 39. Rxd4 Rxd4 40. Qf3 a5 41. Rc2 Rd5 42. Qf4
Bd4 43. Rd2 Kg8 44. Bg2 Bxe5 45. Rxd5 Qxd5 46. Qe3 Qd6 47. Qa7 Bd4 48. Qa8+ Kg7 49.
Qxa5 Bxf2 50. Qg5 f6 51. Qf4 Qxf4 52. gxf4 Bxh4 53. Kh3 Be1 54. Bc6 Bd2 55. Kg3 h4+
56. Kg4 h3 57. Kxh3 Bxf4 58. Kg4 Bd2 59. Kf3 g5 60. Bd7 Kf7 61. Ke4 Ke7 62. Bc8 Kd6
63. Kd4 f5 64. Kd3 Be1 65. Bb7 e5 66. Bc8 e4+ 67. Kd4 Bf2+ 68. Kc4 e3 69. Kd3 Ke5
70. Bb7 g4 71. Bc8 Kf4 72. Bb7 Kg3 73. Bd5 f4 74. a4 bxa3 75. b4 f3 76. b5 e2 77.
b6 Bxb6 78. Kd2 Ba5+ 79. Kc2 e1=Q  0-1

[Event "30th 4NCL Congress"]
[Site "Daventry"]
[Date "2023.06.17"]
[Round "3"]
[Board "16"]
[White "Gopakumar, Siddharth"]
[Black "Gomez, Daniel"]
[Result "1/2-1/2"]
[WhiteElo "1997"]
[BlackElo "2103"]
[PlyCount "46"]
[EventDate "2023.06.16"]
[EventRounds "5"]
[EventCountry "ENG"]

1. e4 e6 2. d4 d5 3. Nc3 Nf6 4. e5 Nfd7 5. Nce2 c5 6. c3 Nc6 7. Nf3 Qb6 8. a3 f6
9. exf6 Nxf6 10. Nf4 cxd4 11. cxd4 Bd6 12. g3 O-O 13. b4 a5 14. b5 Nd8 15. Bd3 Bd7
16. O-O Nf7 17. Re1 Rfe8 18. Ne5 Qc7 19. Qe2 Bxe5 20. dxe5 Ne4 21. Bb2 Nxe5 22. Bxe4
dxe4 23. Qxe4 Nf7  1/2-1/2

[Event "30th 4NCL Congress"]
[Site "Daventry"]
[Date "2023.06.17"]
[Round "3"]
[Board "17"]
[White "Estevez Fernandez, Josue"]
[Black "Larkin, Benjamin"]
[Result "1-0"]
[WhiteElo "1926"]
[BlackElo "2097"]
[PlyCount "63"]
[EventDate "2023.06.16"]
[EventRounds "5"]
[EventCountry "ENG"]

1. e4 c6 2. d4 d5 3. e5 Bf5 4. Bd3 Bxd3 5. Qxd3 e6 6. Nf3 c5 7. c3 Nc6 8. O-O cxd4
9. cxd4 Nge7 10. Bd2 Nf5 11. Na3 Be7 12. Nc2 O-O 13. g4 Nh4 14. Nxh4 Bxh4 15. f4
f6 16. Qh3 g5 17. fxg5 Bxg5 18. Bxg5 fxg5 19. Qh6 Qe7 20. Rf6 Rxf6 21. exf6 Qf7 22.
Qxg5+ Kh8 23. Qf4 Rg8 24. Rf1 Qg6 25. Ne3 Rf8 26. g5 h6 27. h4 Rg8 28. Kf2 Nb4 29.
Qd6 Nd3+ 30. Ke2 Qe4 31. f7 Nc1+ 32. Rxc1  1-0

[Event "30th 4NCL Congress"]
[Site "Daventry"]
[Date "2023.06.17"]
[Round "3"]
[Board "18"]
[White "Kumar, Sanjit S"]
[Black "Krzyzanowski, Patryk"]
[Result "0-1"]
[WhiteElo "1926"]
[BlackElo "2092"]
[PlyCount "72"]
[EventDate "2023.06.16"]
[EventRounds "5"]
[EventCountry "ENG"]

1. d4 Nf6 2. c4 e6 3. Nc3 Bb4 4. e3 Bxc3+ 5. bxc3 O-O 6. Nf3 d6 7. Bd3 b6 8. O-O
Nc6 9. Ba3 Ba6 10. Qe2 Re8 11. Rfd1 Qc8 12. c5 Bxd3 13. Qxd3 e5 14. Qb5 Qb7 15. cxd6
cxd6 16. Bxd6 Ne4 17. Bb4 a5 18. Qd3 exd4 19. Ba3 dxc3 20. Nd4 Ne5 21. Qe2 Rac8 22.
f3 Nc4 23. Bc1 Ned2 24. e4 b5 25. Nb3 Qb6+ 26. Kh1 Qf6 27. Bxd2 c2 28. Rdc1 Red8
29. Rxc2 a4 30. Bc3 Qb6 31. Nc1 Na3 32. Ba5 Qxa5 33. Rxc8 Rxc8 34. h3 Qc3 35. Nb3
Qc5 36. Nd2 Qc6  0-1

[Event "30th 4NCL Congress"]
[Site "Daventry"]
[Date "2023.06.17"]
[Round "3"]
[Board "19"]
[White "Sajanani, Vikas"]
[Black "Murawski, Jan"]
[Result "1/2-1/2"]
[WhiteElo "1912"]
[BlackElo "2091"]
[PlyCount "120"]
[EventDate "2023.06.16"]
[EventRounds "5"]
[EventCountry "ENG"]

1. e4 e5 2. Nc3 Nf6 3. f4 d5 4. fxe5 Nxe4 5. Qf3 Nxc3 6. bxc3 c5 7. Qg3 Nc6 8. Bb5
Bf5 9. Nf3 Bxc2 10. O-O Bg6 11. h4 c4 12. d4 cxd3 13. Nd4 Qd7 14. Be3 Bc5 15. h5
Bxh5 16. Qxg7 O-O-O 17. Qh6 Bg6 18. Nxc6 Bxe3+ 19. Qxe3 bxc6 20. Ba6+ Kb8 21. Rab1+
Ka8 22. Bb7+ Qxb7 23. Rxb7 Kxb7 24. Rf4 Rd7 25. e6 fxe6 26. Qxe6 Rc7 27. Qd6 Be4
28. Rf2 Rhc8 29. a4 Ka8 30. a5 Rb7 31. a6 Rb6 32. Rf8 Rxf8 33. Qxf8+ Rb8 34. Qd6
Rb6 35. Qd7 d4 36. Qxd4 Bg6 37. Qd8+ Rb8 38. Qd6 Be4 39. Qd4 Bg6 40. Kf2 Rf8+ 41.
Ke3 Re8+ 42. Kd2 Rb8 43. Qd6 Be4 44. Ke3 Bxg2 45. Kxd3 Bf1+ 46. Kd4 Bxa6 47. Qxc6+
Bb7 48. Qh6 Rc8 49. Qxh7 a6 50. c4 Rc6 51. Qg8+ Rc8 52. Qg5 Rc6 53. Kc3 Ka7 54. Qe3+
Ka8 55. Kb4 Kb8 56. Qd4 Ka8 57. Ka5 Kb8 58. Qd8+ Ka7 59. Qd4+ Kb8 60. Qd8+ Ka7  1/2-1/2

[Event "30th 4NCL Congress"]
[Site "Daventry"]
[Date "2023.06.17"]
[Round "3"]
[Board "20"]
[White "Pitts, Daniel"]
[Black "Riis, Soren"]
[Result "0-1"]
[WhiteElo "1731"]
[BlackElo "2074"]
[PlyCount "94"]
[EventDate "2023.06.16"]
[EventRounds "5"]
[EventCountry "ENG"]

1. e4 c5 2. c3 Nf6 3. e5 Nd5 4. Bc4 Nb6 5. Bb3 c4 6. Bc2 Nc6 7. Nf3 d6 8. exd6 Qxd6
9. O-O e5 10. Re1 Be7 11. b3 O-O 12. bxc4 Nxc4 13. Qe2 b5 14. d3 Nb6 15. Nxe5 Bf6
16. Nxc6 Qxc6 17. d4 Bb7 18. Be4 Nd5 19. Qf3 Rfe8 20. Bd2 Qd6 21. Bxd5 Bxd5 22. Rxe8+
Rxe8 23. Qg3 Qe7 24. h3 Qe2 25. Qg4 Qd3 26. Qd1 Re2 27. Qf1 Bc4 28. Bf4 Qe4 29. Na3
Bd3 30. Qc1 h6 31. Be3 a5 32. Nb1 Rc2 33. Qe1 Qg6 34. Bd2 b4 35. Qe3 Rb2 36. cxb4
axb4 37. Nc3 bxc3 38. Bxc3 Rc2 39. Bb4 Rc4 40. Bc5 Rxc5 41. Rd1 Rc3 42. d5 Be4 43.
Qg3 Rxg3 44. fxg3 Qxg3 45. Rd2 Bd4+ 46. Kf1 Bd3+ 47. Rxd3 Qf2#  0-1